000 00374nam a2200133 4500
005 20260424120315.0
008 260424b |||||||| |||| 00| 0 eng d
020 _a0-7487-1675-0
100 _aRamsden Eileen
245 _aKey Science Chemistry
_c/Eileen Ramsden
260 _aEngland;
_bStanley Thornes Publishers Ltd;
_c1994
300 _ax,390p.ill;
_c27cm
942 _2lcc
_n0
_cBK
999 _c238
_d238